[Event "Kinross USSA (Women) op"]
[Site "Kinross"]
[Date "2018.07.02"]
[Round "2"]
[White "Van Zyl, Charlize"]
[Black "Matlala, Valencia"]
[Result "1-0"]
[WhiteElo "1683"]
[BlackElo "978"]
[PlyCount "89"]
[EventDate "2018.07.02"]
[EventType "swiss"]
[EventRounds "9"]
[EventCountry "RSA"]
[SourceTitle "CBM 185 Extra"]
[Source "ChessBase"]
[SourceDate "2018.07.29"]
[SourceVersion "1"]
[SourceVersionDate "2018.07.29"]
[SourceQuality "1"]

1. d4 e6 2. Nf3 Nf6 3. g3 h6 4. Bg2 Be7 5. 0-0 0-0 6. c4 d6 7. Nc3 a5 8. e4 Nfd7 9. Be3 b6 10. e5 Ra7 11. Nb5 Rb7 12. Bf4 c6 13. Nxd6 Bxd6 14. exd6 Na6 15. Nd2 Ra7 16. Bxc6 Bb7 17. Bxb7 Rxb7 18. Qc2 g5 19. Be3 f5 20. f4 Rf7 21. Nf3 g4 22. Ne5 Rg7 23. Qb3 Nf8 24. a3 Qxd6 25. Rac1 Kh7 26. Rfd1 Nc7 27. c5 Qd5 28. Qxd5 Nxd5 29. c6 Rb8 30. Bd2 Rc7 31. b4 a4 32. b5 Ne7 33. Bb4 Rd8 34. Nd7 Nxd7 35. Bxe7 Re8 36. cxd7 Rxd7 37. Bf6 Kg6 38. Be5 Rd5 39. Rb1 Rc8 40. Rb4 Rc3 41. Rxa4 Rxb5 42. Rb4 Ra5 43. Rxb6 Raxa3 44. d5 Rc2 45. Rb2 1-0